000 00341nam a2200145Ia 4500
008 240624s9999 xx 000 0 und d
041 _aeng
082 _a338.9 BAR
100 _aBARRO ROBERT J
245 _aECONOMIC GROWTH
250 _a(2nd ed.)
260 _c2004
_aNew Delhi
_bPrentice-Hall of India
300 _axvi, : 654
365 _cRS
999 _c406
_d406